Emotions ; their psychological and educative implications /

Bibliographic Details
Main Author: Lund, Frederick H. (Frederick Hansen), 1894-
Format: Book
Language:English
Published: New York : The Ronald press company, [1939]
Subjects:

MARC

Tag First Indicator Second Indicator Subfields
LEADER 00000cam a2200000 4500
001 in00000052126
005 20151007080329.0
008 720922s1939 eng u
010 |a  39007102  
035 |a (OCoLC)00412854 
035 |9 AAF4626AM 
040 |c CWR  |d TXA  |d UtOrBLW 
049 |a TXAM  |c [117893] 
050 0 |a BF531  |b .L78 
092 |a 157  |b L962e 
100 1 |a Lund, Frederick H.  |q (Frederick Hansen),  |d 1894- 
245 1 0 |a Emotions ;  |b their psychological and educative implications /  |c by Frederick H. Lund. 
264 1 |a New York :  |b The Ronald press company,  |c [1939] 
264 4 |c [©1939] 
300 |a xiii, 305 pages :  |b illustrations, diagrams ;  |c 21 cm. 
336 |a text  |b txt  |2 rdacontent 
337 |a unmediated  |b n  |2 rdamedia 
338 |a volume  |b nc  |2 rdacarrier 
504 |a "References" at end of each chapter except the last. 
650 0 |a Emotions. 
999 |a MARS 
999 f f |s 05bee78b-5668-3377-8ae7-aae8e2acb30f  |i 8b0d4963-c54c-3394-940b-91c3bb6cb502  |t 0 
952 f f |p ric  |a Texas A&M University  |b Rellis Campus  |c Joint Library Facility  |d Remote Storage  |t 0  |e BF531 .L78  |h Library of Congress classification  |i unmediated -- volume  |m A14800527960 
998 f f |a BF531 .L78  |t 0  |l Remote Storage